000 00507nam a2200193Ia 4500
005 20240823043607.0
008 240823s9999||||xx |||||||||||||| ||und||
020 _a978--0-07-061678-3
041 _aENGLISH
082 _A511.6 P8
100 _aVeerarajan T
245 0 _aDiscrete Mathematics with Graph Theory and combinatorics
250 _a1st
260 _c2008
_b"Tata Mcgraw Hill,New "
500 _aTRANSFERED
650 _aDiscrete Mathematics
_bMathematics
942 _cBK
999 _c210589
_d210589